Úverové portfolio významná charakteristika ekonomického prostredia
Analýza vzťahov medzi vývojom kvality úverového portfolia komerčných bánk a vybranými základnými znakmi makroekonomického prostredia, ktoré banky úverujú. Znaky úverového portfolia. Základné charakteristiky ekonomickej pozície odvetvia ovplyvňujúce odvetvové úverové riziko. Vplyv štruktúry likvidity...
Salvato in:
| Autore principale: | |
|---|---|
| Natura: | Capitolo di libro |
| Lingua: | slovacco |
| Soggetti: | |
| Tags: |
Nessun Tag, puoi essere il primo ad aggiungerne!!
|
MARC
| LEADER | 00000naa a2200000 4500 | ||
|---|---|---|---|
| 001 | r017894 | ||
| 005 | 20221205101357.3 | ||
| 041 | 0 | |a slo | |
| 044 | |a SK | ||
| 245 | 1 | 0 | |a Úverové portfolio významná charakteristika ekonomického prostredia |c D. Preisinger |
| 520 | |a Analýza vzťahov medzi vývojom kvality úverového portfolia komerčných bánk a vybranými základnými znakmi makroekonomického prostredia, ktoré banky úverujú. Znaky úverového portfolia. Základné charakteristiky ekonomickej pozície odvetvia ovplyvňujúce odvetvové úverové riziko. Vplyv štruktúry likvidity na zmenu koeficientu úverového rizika. Vplyv zadlženosti na výšku úverového rizika. | ||
| 610 | 2 | 0 | |a úver |
| 610 | 2 | 0 | |a portfólio |
| 610 | 2 | 0 | |a riziko |
| 610 | 2 | 0 | |a banky obchodné |
| 610 | 2 | 0 | |a Slovensko |
| 610 | 2 | 0 | |a ukazovatele ekonomické |
| 610 | 2 | 0 | |a likvidita |
| 610 | 2 | 0 | |a odvetvia činnosti ekonomickej |
| 610 | 2 | 0 | |a zadlženosť |
| 610 | 2 | 0 | |a aktíva |
| 610 | 2 | 0 | |a cash flow |
| 100 | 1 | |a Preisinger, Dušan | |